000 00804 a2200229 4500
008 080821t xxu||||| |||| 00| 0 eng d
010 _aENG-84992
020 _a8187879262
_c250.00
035 _aEN-68525
037 _bD.B.Act / Pub
082 _a320
100 _aShapiro, Ian.
245 _aThe moral foundations of politics
_cby Ian Shapiro.
260 _aDelhi
_bAakar Books
_c2004
300 _axii, 289 p. ;
_c22 cm. (Pbk)
500 _aIncludes bibliographical references and index
650 _aPolitical ethics.
650 _aPolitical science
_xPhilosophy.
650 _aLegitimacy of governments.
942 _adpl
_cEN
_k320 / SHA
_2ddc
_h320 /
_mSHA
999 _c845
_d845